000 00614nam a22002177a 4500
999 _c2646
_d2646
003 OSt
005 20230802154616.0
008 230802b ||||| |||| 00| 0 eng d
020 _a9789671960219
040 _cKH8
082 _a400 SYA
100 _aSyahril Othman,
_eauthor.
245 _aIGCSE Malay Speaking,
_bWorkbook Peper 3 Volume 2 /
_cSyahril Othman.
250 _aSecond edition
260 _aMalaysia:
_bSyahril Education Enterprise.
300 _a138 pages.
440 _aIGCSE Malay Speaking
_n3
_v2
651 _aMalaysia
_vMalay language
651 _aMalaysia
_vMalay grammar
942 _2ddc
_cTR